000 00896nmm a2200265 a 4500
001 ocm000700795
003 TR-IsHL
005 20201028125546.0
008 110704s1993 tu tur
007 cr cn
035 _a700795
_b(N$T)
050 0 4 _aLC53.T9
_bT87 1993
090 0 4 _aLC53.T9
_bT87 1993
245 1 0 _aTürkiye'de ve dünyada özel öğretim kurumlarının eğitimdeki yeri, seminer, 14 Ekim 1992
_h[electronic resource] /
_chaz. Fatma İpekler
250 _a1. bs.
260 _aİstanbul :
_bİstanbul Ticaret Odası,
_c1993
300 _a132 p.
650 4 _aEğitim
650 4 _aEducation
650 0 _aPrivate schools
_x Turkey
650 0 _aEducation
_x Turkey
650 7 _aEDUCATION / Special Education / General
_2bisacsh
700 1 _aİpekler, Fatma
856 4 0 _uhttp://search.ebscohost.com/login.aspx?direct=true&scope=site&db=e011xww&AN=700795
999 _c3545
_d3545